Leksykon bankowo-gieldowy

Uložené v:
Podrobná bibliografia
Hlavný autor: Krzyzkiewicz, Zbigniew
Ďalší autori: Jaworski, Wladyslaw L., Pulawski, Mieczyslaw
Médium: Kniha
Jazyk:Polish
Vydavateľské údaje: Warszawa Poltext 1998
Predmet:
Tagy: Pridať tag
Žiadne tagy, Buďte prvý, kto otaguje tento záznam!

MARC

LEADER 00000nam a2200000 4500
001 c120092
005 20221109093859.2
020 |a 83-86890-50-9 
041 0 |a pol 
044 |a PL 
245 1 0 |a Leksykon bankowo-gieldowy  |c Zbigniew Krzyzkiewicz, Wladyslaw L. Jaworski, Mieczyslaw Pulawski 
264 1 |a Warszawa  |b Poltext  |c 1998 
300 |a 707 s. 
610 2 0 |a banky 
610 2 0 |a burzy 
610 2 0 |a terminológia 
100 1 |a Krzyzkiewicz, Zbigniew 
700 1 |a Jaworski, Wladyslaw L. 
700 1 |a Pulawski, Mieczyslaw